000 00764cab a2200241 4500
001 ABS38881
008 090401t1988 xxu||||| |||| 00| 0 eng d
035 _a(Sirsi) u13029
041 _aeng
100 _aMarshall, S.
245 _aRisking design and build
260 _c1988
350 _a0
490 _aChartered Quantity Surveyor
_v10(7) March 1988, 25-26(2)
520 _aDiscusses liability for defective design under design and build contracts. Quotes relevant case law.
650 _aACA FORM OF BUILDING AGREEMENT
650 _aBUILT ENVIRONMENT-BUILDING CONTRACT FORMS
650 _aSTANDARD FORM OF BUILDING CONTRACT
690 _aBUILT ENVIRONMENT-BUILDING CONTRACT FORMS
700 _aMorledge, R.
942 _n0
948 _c04/03/1997
999 _c8374
_d8374